| 000 | 01371nam a2200361 c 4500 | ||
|---|---|---|---|
| 999 |
_c172378 _d172378 |
||
| 003 | BLK | ||
| 005 | 20240925005446.0 | ||
| 008 | 180411b bul|||||r ||||||| ||bul|| | ||
| 010 | _aKNG00180698000 | ||
| 040 | _aBLK | ||
| 041 |
_aBUL _cBUL |
||
| 080 |
_aБългарска литература _b821.163.2 _x-1 _z821.163.2-1 |
||
| 100 |
_aПетров, Валери _d1920 - 2014 _qМеворах, Валери Нисим _9363347 |
||
| 139 |
_aПетров, Валери _bП 47 |
||
| 245 | 1 | 0 |
_aПоеми _cВалери Петров; * Валери Нисим Меворах; предг. от Пенчо Иванов Данчев. |
| 250 | _a6. изд. | ||
| 257 | _aBGR | ||
| 260 |
_bБълг. писател _c1972 _aСофия |
||
| 300 |
_a112 с. _c25 см |
||
| 380 | _aX | ||
| 490 |
_aБиблиотека за ученика _9201322 |
||
| 500 | _aВалери Петров - псевд. на Валери Нисим Меворах. - 1. изд. 1966. | ||
| 653 | _aпоеми | ||
| 700 | 1 |
_aМеворах, Валери Нисим _e* _9367575 |
|
| 700 | 1 |
_aДанчев, Пенчо Иванов _eпредг. от _9374492 |
|
| 852 | _aЦб 64673 | ||
| 856 | 4 | _qpdf | |
| 856 | 4 | _qpdf | |
| 942 |
_cKNG _n0 _s1 |
||
| 944 |
_aCR _c01.09.2015 _lCRON CRON _k |
||
| 944 |
_aED _c01.09.2015 _lф / _kЛюдмила_Стоянова |
||
| 999 | _d172378 | ||